| 000 | 00534nam a22001457a 4500 | ||
|---|---|---|---|
| 020 | _a9789699704062 | ||
| 082 |
_a241.3 _bCHH |
||
| 100 | _aMuhammad Ashraf Chheenah | ||
| 245 |
_aOriginal Sin and salvation: original sin a myth than a revelation, episode in the garden led to rise of man than fall, no salvation without monotheism and repetance _cMuhammad Ashraf Chheenah |
||
| 260 |
_aIslamabad: _bI.S.R.C; _c2020. |
||
| 300 | _a266p. | ||
| 563 | _aH.B | ||
| 650 |
_asin and salvation _arevelation _9117990 |
||
| 942 |
_2ddc _cBK |
||
| 999 |
_c595286 _d595286 |
||